Harnessing solar energy

Bibliographic Details
Main Author: Dickmann, Nancy
Format: Book
Published: New York : PowerKids Press , 2017
Series:The future of power
Subjects:

MARC

LEADER 00000cam a2200000 7i4500
001 0000213921
005 20171123.0
020 |a 9781499432701 
090 0 0 |a 621.31244   |b DIC 
100 1 |a Dickmann, Nancy 
245 1 0 |a Harnessing solar energy   |c Nancy Dickmann 
260 |a New York :   |b PowerKids Press ,   |c 2017 
300 |a 32p. ;   |c 24cm. 
490 0 |a The future of power 
650 0 |a Solar energy   |v Juvenile literature 
999 |a 00346594   |b BUKU   |c JUNIOR BOOKS   |e PERPUSTAKAAN KOMUNITI CAW BANDAR UTAMA